000
00224 a2200097 4500
001
11228
100
_a
Crouch, M.
245
_a
The Grand Stratogy of the Soviet Un
260
_a
_b
St. Martin,s Press
_c
090
_c
8780
_d
8780
942
_a
NUST-CAE
_c
_c
35578
999
_c
246301
_d
246301